Spatial And Temporal Analysis Of Calamity Prone Areas In Tanay, Rizal: A Regression And Time Series Approach (Record no. 85924)
[ view plain ]
| 000 -LEADER | |
|---|---|
| fixed length control field | 03166nam a22002897a 4500 |
| 003 - CONTROL NUMBER IDENTIFIER | |
| control field | URS |
| 005 - DATE AND TIME OF LATEST TRANSACTION | |
| control field | 20251029113001.0 |
| 008 - FIXED-LENGTH DATA ELEMENTS--GENERAL INFORMATION | |
| fixed length control field | 250904b ||||| |||| 00| 0 eng d |
| 040 ## - CATALOGING SOURCE | |
| Transcribing agency | URS |
| 245 ## - TITLE STATEMENT | |
| Title | Spatial And Temporal Analysis Of Calamity Prone Areas In Tanay, Rizal: A Regression And Time Series Approach |
| Remainder of title | Joenila N. Marajo et...al... |
| 260 ## - PUBLICATION, DISTRIBUTION, ETC. | |
| Date of publication, distribution, etc. | November 2024 |
| 300 ## - PHYSICAL DESCRIPTION | |
| Extent | 41 pages.,; |
| Other physical details | ilustration, |
| Dimensions | 28cm. |
| 336 ## - CONTENT TYPE | |
| Source | rdacontent |
| Content type term | text |
| 337 ## - MEDIA TYPE | |
| Source | rdamedia |
| Media type term | unmediated |
| 338 ## - CARRIER TYPE | |
| Source | rdacarrier |
| Carrier type term | volume |
| 502 ## - DISSERTATION NOTE | |
| Dissertation note | Thesis |
| Degree type | College of Science |
| Name of granting institution | University of Rizal System-Morong |
| Year degree granted | 2024 |
| 520 ## - SUMMARY, ETC. | |
| Summary, etc. | Natural disasters pose significant risks to communities worldwide, particularly in regions like Tanay, Rizal, where geographic and climatic conditions exacerbate vulnerability. This study, titled "Spatial and Temporal Analysis of Calamity-Prone Areas in Tanay, Rizal: A Regression and Time Series Approach," employs advanced analytical techniques to examine the spatial distribution and temporal trends of disaster risks. Using multiple linear regression and time series forecasting, the research integrates geographic variables such as elevation, proximity to rivers, and population density with temporal data on rainfall to develop predictive models. The findings reveal that rainfall is the most critical factor influencing flood incidents, while elevation is a mitigating element. Barangays with lower altitudes and closer proximity to rivers exhibit heightened vulnerability, whereas higher elevations demonstrate reduced flood risks despite substantial precipitation. Time series analysis uncovers an upward trend in precipitation patterns over recent years, highlighting the influence of climatic changes and the increasing frequency of natural calamities. The study's predictive models, which combine spatial and temporal analyses, achieve high levels of accuracy in identifying areas and periods of heightened disaster risks. These models offer valuable insights for disaster preparedness and resource allocation, allowing local authorities to prioritize interventions in high-risk areas. Furthermore, integrating historical data with predictive analytics underscores the need for proactive, data-driven strategies in mitigating disaster impacts and enhancing community resilience. By addressing the interplay between geographic and temporal factors, this research contributes to the growing knowledge on disaster risk management and provides a framework for evidence-based policy development. The outcomes of the study aim to support the creation of sustainable, resilient communities in Tanay, Rizal, and other calamity-prone regions |
| 700 ## - ADDED ENTRY--PERSONAL NAME | |
| Personal name | Joenila N. Marajo |
| Relator term | Author |
| 700 ## - ADDED ENTRY--PERSONAL NAME | |
| Personal name | John Emmanuel T. Atanacio |
| Relator term | Author |
| 700 ## - ADDED ENTRY--PERSONAL NAME | |
| Personal name | Jen Rose Ds. Campo |
| Relator term | Author |
| 700 ## - ADDED ENTRY--PERSONAL NAME | |
| Personal name | Michael Jay R. Maraquio |
| Relator term | Author |
| 700 ## - ADDED ENTRY--PERSONAL NAME | |
| Personal name | Jesriel A. Salcedo |
| Relator term | Author |
| 700 ## - ADDED ENTRY--PERSONAL NAME | |
| Personal name | Matematico, Aireen C. |
| Relator term | degree supervisor |
| 856 ## - ELECTRONIC LOCATION AND ACCESS | |
| Materials specified | Online Request for Student Unpublished Works |
| Uniform Resource Identifier | <a href="https://forms.gle/7LqvGGkaDrUQqz429">https://forms.gle/7LqvGGkaDrUQqz429</a> |
| 856 ## - ELECTRONIC LOCATION AND ACCESS | |
| Uniform Resource Identifier | <a href="https://drive.google.com/file/d/1vLNC5U5q0DmcXp3LCdWXOWl8vroM6bqL/view?usp=drive_link">https://drive.google.com/file/d/1vLNC5U5q0DmcXp3LCdWXOWl8vroM6bqL/view?usp=drive_link</a> |
| 942 ## - ADDED ENTRY ELEMENTS (KOHA) | |
| Source of classification or shelving scheme | Library of Congress Classification |
| Koha item type | Theses and dissertations |
| Withdrawn status | Source of classification or shelving scheme | Damaged status | Not for loan | Collection code | Home library | Current library | Date acquired | Total Checkouts | Barcode | Date last seen | Price effective from | Koha item type |
|---|---|---|---|---|---|---|---|---|---|---|---|---|
| Library of Congress Classification | Reference | Morong College Library | Morong College Library | 09/04/2025 | URSMOR-CL-7080 | 09/04/2025 | 09/04/2025 | Theses and dissertations |